LEADER 01352nam a2200289 i 4500 001 000000069208 003 CaOOAMICUS 005 20040825000000.0 008 040825s1998 it u000 u ita u 013 $a40380 020 $a88-7984-174-2 040 $aSeMil$bita 100 1 $aVolpe, Gioacchino,$d<1876-1971>.$0(OLS)http://semarc/name/81282 245 13$aIl popolo italiano nella grande guerra :$b(1915-1916) /$cGioacchino Volpe ; a cura e con introduzione di Anna Pasquale ; prefazione di Giovanni Belardelli. 260 $aMilano ; Trento :$bLuni,$c1998. 300 $a282 p. ;$c21 cm. 490 0 $aBiblioteca di storia contemporanea ;$v3 650 4$aItalia - Storia - Sec. 20.$0(OLS)http://semarc/subject/254 700 1 $aBelardelli, Giovanni,$d<1951- >.$0(OLS)http://semarc/name/34588 700 1 $aPasquale, Anna.$0(OLS)http://semarc/name/34587 830 0$aBiblioteca di storia contemporanea ;$v3.$0(OLS)http://semarc/title/374 850 $aSeMil 852 $aSeMil$W1$xVenegono$y1$m3U III 276$j35361$B35361$CSeMilBibl$Z2$F35364 $81 961 $aOmaggio: Rimoldi mons. Antonio 996 $6020$a88-7984-174-2$9(OLS)http://semarc/number/47607 996 $6245$aIl popolo italiano nella grande guerra :$b(1915-1916)$9(OLS)http://semarc/title/110739 996 $6260$aMilano ; Trento :$bLuni$9(OLS)http://semarc/publisher/31187 LEADER 01104nam a2200253 i 4500 001 000000099112 003 CaOOAMICUS 005 20221205143201.0 008 180830s1988 xx u000 u und u 020 $a88-11-63660-4 040 $aSeMil$bita 100 1 $aRebora, Clemente,$c.$0(OLS)http://semarc/name/1009 245 13$aLe poesie (1913-1957) /$cClemente Rebora ; a cura di Gianni Mussini e Vanni Scheiwiller. 260 $aMilano :$bGarzanti,$c1988. 300 $a558 p. ;$c18 cm 650 4$aRebora, Clemente - Opere.$0(OLS)http://semarc/subject/32536 700 1 $aMussini, Gianni,$d<1951- >.$0(OLS)http://semarc/name/30703 700 1 $aScheiwiller, Vanni,$d<1934-1999>.$0(OLS)http://semarc/name/5134 850 $aSeMil 852 $aSeMil$W1$xVenegono$y1$m60 57 1 *$j56736$B56736$CSeMilBibl$Z2$F66623 $81 996 $6020$a88-11-63660-4$9(OLS)http://semarc/number/79298 996 $6245$aLe poesie (1913-1957)$9(OLS)http://semarc/title/97359 996 $6260$aMilano :$bGarzanti$9(OLS)http://semarc/publisher/29852